| Tag |
First Indicator |
Second Indicator |
Subfields |
| LEADER |
00000cem a2200000 4500 |
| 001 |
in00001404064 |
| 005 |
20151020054317.0 |
| 007 |
aj canzn |
| 008 |
700303s1958 enk a 0 eng |
| 010 |
|
|
|a gm 69002510
|
| 019 |
|
|
|a 05473777
|
| 035 |
|
|
|a (OCoLC)05710580
|
| 035 |
|
|
|9 AHN1057AM
|
| 040 |
|
|
|a DLC
|c DLC
|d TXA
|d UtOrBLW
|
| 049 |
|
|
|a TXAC
|
| 050 |
0 |
0 |
|a G4821.D2 1958
|b .G7
|
| 052 |
|
|
|a 4821
|
| 110 |
1 |
|
|a Great Britain.
|b Directorate of Overseas Surveys.
|
| 245 |
1 |
0 |
|a British Honduras natural vegetation map /
|c Drawn and photographed by Directorate of Overseas Surveys 1958.
|
| 255 |
|
|
|a Scale 1:250,000.
|
| 264 |
|
1 |
|a [Tolworth, Surrey],
|b [publisher not identified] ;
|c [1958]
|
| 300 |
|
|
|a 1 map :
|b color ;
|c 120 x 66 cm. on 2 sheets 64 x 71 cm.
|
| 336 |
|
|
|a cartographic image
|b cri
|2 rdacontent
|
| 337 |
|
|
|a unmediated
|b n
|2 rdamedia
|
| 338 |
|
|
|a sheet
|b nb
|2 rdacarrier
|
| 490 |
1 |
|
|a D.O.S. ;
|v 241B
|
| 500 |
|
|
|a Cartographic material.
|
| 650 |
|
0 |
|a Phytogeography
|z Belize
|x Maps.
|
| 830 |
|
0 |
|a D.O.S. (Series) ;
|v 241B.
|
| 999 |
|
|
|a MARS
|
| 999 |
f |
f |
|s 106eee6f-2ef0-383f-a71b-bfaacd9a1e4f
|i e37854f1-3be9-3132-9db9-c53c97dce577
|t 0
|
| 952 |
f |
f |
|p normal
|a Texas A&M University
|b College Station
|c Sterling C. Evans Library
|d Evans: Maps (2nd floor)
|t 0
|e G4821.D2 1958 .G7
|h Library of Congress classification
|i unmediated -- sheet
|k Sheet 1
|m A14822126675
|
| 952 |
f |
f |
|p normal
|a Texas A&M University
|b College Station
|c Sterling C. Evans Library
|d Evans: Maps (2nd floor)
|t 0
|e G4821.D2 1958 .G7
|h Library of Congress classification
|i unmediated -- sheet
|k Sheet 1
|m A14816716250
|
| 952 |
f |
f |
|p normal
|a Texas A&M University
|b College Station
|c Sterling C. Evans Library
|d Evans: Maps (2nd floor)
|t 0
|e G4821.D2 1958 .G7
|h Library of Congress classification
|i unmediated -- sheet
|k Sheet 2
|m A14822126722
|
| 952 |
f |
f |
|p normal
|a Texas A&M University
|b College Station
|c Sterling C. Evans Library
|d Evans: Maps (2nd floor)
|t 0
|e G4821.D2 1958 .G7
|h Library of Congress classification
|i unmediated -- sheet
|k Sheet 1
|m A14816012478
|
| 952 |
f |
f |
|p normal
|a Texas A&M University
|b College Station
|c Sterling C. Evans Library
|d Evans: Maps (2nd floor)
|t 0
|e G4821.D2 1958 .G7
|h Library of Congress classification
|i unmediated -- sheet
|k Sheet 2
|m A14818122384
|
| 952 |
f |
f |
|p normal
|a Texas A&M University
|b College Station
|c Sterling C. Evans Library
|d Evans: Maps (2nd floor)
|t 0
|e G4821.D2 1958 .G7
|h Library of Congress classification
|i unmediated -- sheet
|k Sheet 2
|m A14816716242
|
| 998 |
f |
f |
|a G4821.D2 1958 .G7
|s Sheet 1-Sheet 2
|t 0
|l Evans: Maps (2nd floor)
|
| 998 |
f |
f |
|a G4821.D2 1958 .G7
|s Sheet 1-Sheet 2
|t 0
|l Evans: Maps (2nd floor)
|
| 998 |
f |
f |
|a G4821.D2 1958 .G7
|s Sheet 1-Sheet 2
|t 0
|l Evans: Maps (2nd floor)
|